Varias poesias sagradas y profanas / (Record no. 165535)
[ view plain ]
| 000 -LEADER | |
|---|---|
| campo de control de longitud fija | 00849nam a2200205 i 4500 |
| 001 - NÚMERO DE CONTROL | |
| campo de control | 165535 |
| 003 - IDENTIFICADOR DE NÚMERO DE CONTROL | |
| campo de control | ES-MaACL |
| 005 - FECHA Y HORA DE LA ÚLTIMA TRANSACCIÓN | |
| campo de control | 20250930063146.0 |
| 008 - DATOS DE LONGITUD FIJA--INFORMACIÓN GENERAL | |
| campo de control de longitud fija | 931025s1732 sp |||| | spa d |
| 100 0# - ENTRADA PRINCIPAL--NOMBRE DE PERSONA | |
| Nombre de persona | Solís, Antonio de, |
| Fechas asociadas al nombre | 1610-1686 |
| 9 (RLIN) | 107210 |
| 245 10 - MENCIÓN DEL TÍTULO | |
| Título | Varias poesias sagradas y profanas / |
| Mención de responsabilidad, etc. | que dexò escritas (aunque no juntas, ni retocadas) don Antonio de Solis y Ribadeneyra ... ; recogidas y dadas á luz por Don Juan de Goyeneche. |
| 260 ## - PUBLICACIÓN, DISTRIBUCIÓN, ETC. | |
| Lugar de publicación, distribución, etc. | En Madrid : |
| Nombre del editor, distribuidor, etc. | por Manuel Fernandez, impressor de libros y a su costa ..., |
| Fecha de publicación, distribución, etc. | 1732. |
| 300 ## - DESCRIPCIÓN FÍSICA | |
| Extensión | [12], 350 p., [2] en bl. ; |
| Dimensiones | 4º. |
| 597 ## - NOTA DE DESCRIPCIÓN FÍSICA | |
| NOTA DE DESCRIPCIÓN FÍSICA | Sign.: Sign.:[ ]4, ¶², A-Y8. |
| 597 ## - NOTA DE DESCRIPCIÓN FÍSICA | |
| NOTA DE DESCRIPCIÓN FÍSICA | Port. con orla tip. |
| 597 ## - NOTA DE DESCRIPCIÓN FÍSICA | |
| NOTA DE DESCRIPCIÓN FÍSICA | Antep. |
| 700 1# - ENTRADA AGREGADA--NOMBRE PERSONAL | |
| Nombre de persona | Goyeneche, Juan de, |
| Fechas asociadas al nombre | ca. 1656-1735 |
| 9 (RLIN) | 59413 |
| 852 ## - LOCALIZACIÓN | |
| Ubicación | ES-MaACL |
| Número de control de estantería | R-1182 |
| Nota libre | -- Enc. piel |
| Encuadernación | G-8356 |
| Estatus retirado | Estado de pérdida | Estado de daño | No para préstamo | Colección | Biblioteca de origen | Biblioteca actual | Ubicación en estantería | Fecha de adquisición | Fuente de adquisición | Total de préstamos | Signatura topográfica completa | Código de barras | Visto por última vez | Precio de reemplazo | Tipo de ítem Koha |
|---|---|---|---|---|---|---|---|---|---|---|---|---|---|---|---|
| Libros del s. XVIII | Biblioteca del Ateneo de Madrid | Biblioteca del Ateneo de Madrid | Depósito | 17/01/2008 | R-1182 | 1173595 | 23/02/2023 | 23/02/2023 | Libro impreso antiguo |
